General Knowledge #2 - Statistics

General Stats
  • This quiz has been taken 23 times
  • The average score is 4 of 11
Answer Stats
Question Answer % Correct
This sector ranks 3rd globally in terms of emission of green house gases Agriculture
80%
Bulimia is a disorder associated with Eating
80%
Diem (formerly known as Libra), a global digital currency, was shut down in January 2022 founded by this MNC A) Meta
40%
How much is 2 score and 2 ? B) 42
40%
Recently, Norwegian fishermen accidently caught a 115-meter-long nuclear-powered attack vessel belongs to which country B) USA
40%
How many zeroes are there in a decilion? 33
20%
I am a country where the River Benue flows through cities like Jos, passing near the Udi Plateau. My landscape includes Mount Dimlang, one of the highest peaks in my region. My terrain is diverse, with rivers, plateaus, and mountains that tell a story of geological complexity B) Nigeria
20%
World's largest coral found ( as big as two basketball courts and at least 300 years old) near this Pacific' s country? D) Solomon Islands
20%
Philadelphi corridor recently seen in news is a border area between these two regions Egypt & Gaza
20%
Lately, ATACMS missiles were used in the warfare have been developed by A) USA
0%
'Behind the Beautiful Forevers ' is the best-selling portrait of a Mumbai slum authored by B) Katherine Boo
0%
No matching quizzes found
Score Distribution
Percent of People with Each Score
Percentile by Number Answered
Your Score History
You have not taken this quiz